Online
Catalog

Teoría de conspiración / (Record no. 10845)

MARC details
000 -CABECERA
campo de control de longitud fija 00850nam a2200253 a 4500
001 - NÚMERO DE CONTROL
campo de control 000011120
005 - FECHA Y HORA DE LA ÚLTIMA TRANSACCIÓN
campo de control 20200929162351.0
008 - DATOS DE LONGITUD FIJA--INFORMACIÓN GENERAL
campo de control de longitud fija 091014s2005 pr 001 0 spa d
020 ## - NÚMERO INTERNACIONAL ESTÁNDAR DEL LIBRO
Número Internacional Estándar del Libro 1932271228
040 ## - FUENTE DE LA CATALOGACIÓN
Centro catalogador/agencia de origen DO-SdBNP
Lengua de catalogación spa
Centro/agencia transcriptor BNPHU
082 ## - NÚMERO DE LA CLASIFICACIÓN DECIMAL DEWEY
Número de clasificación PR861.44
Número de documento/Ítem R292t
049 ## - FONDOS LOCALES (OCLC)
Fondos de biblioteca BNGE
100 1# - ENTRADA PRINCIPAL--NOMBRE DE PERSONA
Nombre de persona Rebollo-Gil, Guillermo
Fechas asociadas al nombre 1979-
9 (RLIN) 12650
245 10 - MENCIÓN DE TÍTULO
Título Teoría de conspiración /
Mención de responsabilidad, etc. Guillermo Rebollo-Gil ; prólogo Urayoán Noel.
260 ## - PUBLICACIÓN, DISTRIBUCIÓN, ETC.
Lugar de publicación, distribución, etc. San Juan, Puerto Rico : Santo Domingo :
Nombre del editor, distribuidor, etc. Isla Negra,
Fecha de publicación, distribución, etc. 2005.
300 ## - DESCRIPCIÓN FÍSICA
Extensión 59 p. ;
Dimensiones 22 cm.
490 1# - MENCIÓN DE SERIE
Mención de serie Filo de juego
500 ## - NOTA GENERAL
Nota general Incluye datos biográficos del autor en la solapa
650 #4 - PUNTO DE ACCESO ADICIONAL DE MATERIA--TÉRMINO DE MATERIA
Término de materia o nombre geográfico como elemento de entrada Poesía puertorriqueña
9 (RLIN) 1015
650 #4 - PUNTO DE ACCESO ADICIONAL DE MATERIA--TÉRMINO DE MATERIA
Término de materia o nombre geográfico como elemento de entrada Literatura puertorriqueña
9 (RLIN) 250
700 12 - PUNTO DE ACCESO ADICIONAL--NOMBRE DE PERSONA
Nombre de persona Noel, Urayoán
Término indicativo de función/relación pról.
9 (RLIN) 26633
830 #0 - PUNTO DE ACCESO ADICIONAL DE SERIE-TÍTULO UNIFORME
Título uniforme Filo de juego
9 (RLIN) 1014
910 ## - DATOS DE OPCIÓN DEL USUARIO (OCLC)
Datos de opción del usuario Validado. Control de calidad MFF
Holdings
Estado de retiro Estado de pérdida Restricciones de uso No para préstamo Código de colección Localización permanente Ubicación/localización actual Ubicación en estantería Fecha de adquisición Número de inventario Total de préstamos Signatura topográfica completa Código de barras Fecha visto por última vez Precio válido a partir de Tipo de ítem Koha Número de copia
      Excluido de préstamo Monografías: Libros y Folletos General General Depósito 14.10.2009 LF1   PR861.44 R292t 11120-10 25.06.2020 25.06.2020 No se presta  
    Préstamo restringido Préstamo restrigido Monografías: Libros y Folletos General General Depósito 14.10.2009 LF1   PR861.44 R292t 11120-20 25.06.2020 25.06.2020 Préstamo en sala e. 2
        Monografías: Libros y Folletos General General Depósito 14.10.2009 LF1   PR861.44 R292t 11120-30 25.06.2020 25.06.2020 Préstamo en sala e. 3

Powered by Koha